| 000 | 00507 a2200169 4500 | ||
|---|---|---|---|
| 999 |
_c3253 _d3253 |
||
| 020 | _a9780324658897 | ||
| 050 | _aHD57 CLE 2009 | ||
| 100 |
_aClements, James P. _eauthor |
||
| 245 |
_aEffective project management / _cJames P Clements and Jack Gido |
||
| 250 | _a4th ed. | ||
| 264 |
_aBelmont : _bSouth-Western Cengage Learning, _c2009 |
||
| 300 |
_axvii, 486p. : _bill. |
||
| 500 | _aIncludes index | ||
| 650 | _aProject management | ||
| 700 |
_aGido, Jack _eauthor |
||
| 942 |
_2lcc _cBK _e4th ed. _h57 _iCLE _kHD |
||